Statistics for A Countries: Complete the Table

Click here to take the quiz!

General Stats

  • This quiz has been taken 38 times
    (15 since last reset)
  • The average score is 11 of 17

Answer Stats

Answer% Correct
Afghanistan
92%
Austria
92%
Albanian
83%
Argentina
83%
AUD
83%
German
83%
Kabul
75%
Yerevan
75%
Baku
67%
EUR
67%
Antigua and Barbuda
50%
Luanda
50%
Algeria
42%
Azerbaijani
42%
Algiers
33%
Arabic & Berbic
33%
AOA
8%

Score Distribution

Percentile by Number Answered

Percent of People with Each Score

Your Score History

You have not taken this quiz since the last reset